| 000 | 00523nam a2200157 i 4500 | ||
|---|---|---|---|
| 001 | 50225 | ||
| 003 | ES-MaACL | ||
| 005 | 20230906162138.0 | ||
| 007 | t| | ||
| 008 | 030801s1964 sp ||||1| spa d | ||
| 100 | 1 |
_aCruz Auñón, Pedro. _941814 |
|
| 245 | 1 | 0 |
_aContribución al estudio de la economía agrícola algodonera española / _cpor Pedro Cruz Auñón. |
| 260 |
_a[Madrid] : _bServicio de Estudios del Banco Urquijo, _c[1964] |
||
| 300 |
_a87 p. : _bmap., gráf. ; _c25 cm. |
||
| 852 |
_aES-MaACL _jC-24769 _bR.53632 |
||
| 999 |
_c50225 _d50225 |
||